|
|
|
|
| LEADER |
01443nam a2200397 4500 |
| 001 |
ocn828423700 |
| 003 |
OCoLC |
| 005 |
20170124070427.6 |
| 006 |
m o d |
| 007 |
cr cnu---unuuu |
| 008 |
130318s2012 enka ob 001 0 eng d |
| 040 |
|
|
|a N$T
|b eng
|e pn
|c N$T
|d YDXCP
|d CDX
|d E7B
|d DG1
|d N$T
|d OCLCF
|d EBLCP
|d DEBSZ
|d UIU
|d OCLCQ
|d DEBBG
|d OCLCQ
|d DG1
|d GrThAP
|
| 019 |
|
|
|a 826685679
|a 827208501
|
| 020 |
|
|
|a 9781118602638
|q (electronic bk.)
|
| 020 |
|
|
|a 1118602633
|q (electronic bk.)
|
| 020 |
|
|
|a 9781118602690
|q (electronic bk.)
|
| 020 |
|
|
|a 1118602692
|q (electronic bk.)
|
| 035 |
|
|
|a (OCoLC)830324016
|z (OCoLC)826685679
|z (OCoLC)827208501
|
| 050 |
|
4 |
|a T57.62
|b .M63 2011
|
| 245 |
0 |
0 |
|a Models and analysis in distributed systems /
|c edited by Serge Haddad ... [et al.]
|
| 264 |
|
1 |
|a London :
|b ISTE ;
|c 2011.
|
| 264 |
|
1 |
|a Hoboken, NJ :
|b Wiley,
|c 2011.
|
| 300 |
|
|
|a 1 online resource (xv, 354 pages) :
|b illustrations.
|
| 336 |
|
|
|a text
|b txt
|2 rdacontent
|
| 337 |
|
|
|a computer
|b c
|2 rdamedia
|
| 338 |
|
|
|a online resource
|b cr
|2 rdacarrier
|
| 490 |
1 |
|
|a ISTE
|
| 504 |
|
|
|a Includes bibliographical references and index.
|
| 588 |
0 |
|
|a Print version record.
|
| 650 |
|
0 |
|a Distributed parameter systems
|x Simulation methods.
|
| 650 |
|
0 |
|a System analysis.
|
| 655 |
|
4 |
|a Electronic books.
|
| 700 |
1 |
|
|a Haddad, Serge.
|
| 830 |
|
0 |
|a ISTE.
|
| 856 |
4 |
0 |
|u https://doi.org/10.1002/9781118602638
|z Full Text via HEAL-Link
|
| 994 |
|
|
|a 92
|b DG1
|